Ümumi dilçilik modelləri (Record no. 13)

MARC details
000 -LEADER
fixed length control field 01052nam a2200253Ia 4500
003 - CONTROL NUMBER IDENTIFIER
control field OSt
005 - DATE AND TIME OF LATEST TRANSACTION
control field 20260422082459.0
008 - FIXED-LENGTH DATA ELEMENTS--GENERAL INFORMATION
fixed length control field 260210s9999||||xx |||||||||||||| ||aze||
040 ## - CATALOGING SOURCE
Original cataloging agency Az-XaKU
Language of cataloging aze
Transcribing agency Az-XaKU
041 ## - LANGUAGE CODE
Language code of text/sound track or separate title aze
050 14 - LIBRARY OF CONGRESS CALL NUMBER
Classification number P121 .J1807 2021
100 1# - MAIN ENTRY--PERSONAL NAME
Personal name Cəfərov, Qismət,
Relator term müəllif.
245 #0 - TITLE STATEMENT
Title Ümumi dilçilik modelləri
Statement of responsibility, etc. / Qismət Cəfərov, Səmra Həsənzadə ; elmi redaktor Əbülfəz Rəcəbli ; rəyçi Qıpçaq Məmmədli
264 ## - PRODUCTION, PUBLICATION, DISTRIBUTION, MANUFACTURE, AND COPYRIGHT NOTICE
Place of production, publication, distribution, manufacture Bakı:
Name of producer, publisher, distributor, manufacturer "Elm və təhsil",
Date of production, publication, distribution, manufacture, or copyright notice 2021.
300 ## - PHYSICAL DESCRIPTION
Extent 108 səhifə ;
Other physical details cədvəl, sxem,
Dimensions 20 sm.
504 ## - BIBLIOGRAPHY, ETC. NOTE
Bibliography, etc. note Biblioqrafiya səh. 106
505 0# - Formatted Contents Note
Formatted contents note Giriş -- Dilçiliyin predmeti -- Dilçiliyin tarixi -- Dilçiliyin metodları -- Dilçiliyin mahiyyəti -- Sinxron dilçilik -- Diaxron dilçilik -- Tipoloji dilçilik -- Universalilər dilçiliyi.
650 07 - SUBJECT ADDED ENTRY--TOPICAL TERM
Topical term or geographic name entry element Dilçilik
Source of heading or term Az-XaKU
700 1# - ADDED ENTRY--PERSONAL NAME
Personal name Həsənzadə, Səmra,
Relator term müəllif.
700 1# - ADDED ENTRY--PERSONAL NAME
Personal name Rəcəbli, Əbülfəz,
Relator term elmi redaktor.
700 1# - ADDED ENTRY--PERSONAL NAME
Personal name Məmmədli, Qıpçaq,
Relator term rəyçi.
942 ## - ADDED ENTRY ELEMENTS (KOHA)
Koha item type Book
Holdings
Withdrawn status Lost status Source of classification or shelving scheme Damaged status Not for loan Collection Home library Current library Date acquired Total checkouts Full call number Barcode Date last seen Copy number Price effective from Koha item type
    Library of Congress Classification     General Collection Karabakh University Main Library Karabakh University Main Library 04/16/2026   P121 .J1807 2021 0000000012 04/16/2026 1 04/16/2026 Book